00692nam a2200193 a 450000100100000000500170001000800410002704000250006808200170009310000480011024500740015826000360023230000270026865000320029565000330032704900090036095201140036999900150048300000915220200929161513.0090928s1973 dr c 001 p spa d aDO-SdBNPbspacBNPHU aE861.2bO51v1 aOlmedo, José Joaquín,d1780-184792382113aLa victoria de Junín :bcanto a Bolivar /cJosé Joaquín Olmedo. aSanto Domingo :b[s.n.],c1973. a12 :bretrs. ;c22 cm. 4aPoesía ecuatoriana913387 4aLiteratura ecuatoriana93938 aBNPD 0010718PDaGRbGRcCTd2009-09-28iLF1l0oE861.2 O51vp9152-10r2020-06-25w2020-06-25yLFPDZNo se presta c8916d8916